| 000 | 00443nam a2200145Ia 4500 | ||
|---|---|---|---|
| 008 | 220216s9999 xx 000 0 und d | ||
| 100 | _aBoerhendhy Island | ||
| 245 | 0 | _aCorrelation of yield with anatomical physiological and morphological properties of crown budded rubber trees | |
| 260 |
_bBulletin Perkebunan Rakyat _c1990 |
||
| 300 | _a70-76 | ||
| 500 | _aSource Year: 1992 | ||
| 650 | _aCrown budding | ||
| 856 | _uIRRDB | ||
| 942 | _cJS | ||
| 999 |
_c56407 _d56407 |
||